[Event "Rapid 2018"]
[Site "Saint-Petersburg"]
[Date "2018.12.28"]
[Round "15"]
[Board "68"]
[White "Anikonov Dmitry (RUS)"]
[Black "Reshetnikov Alexey (RUS)"]
[Result "1/2-1/2"]
[LiveChessVersion "1.4.8"]
[BlackElo "2537"]
[WhiteElo "2413"]

1. d4 {[%clk 0:15:19]} d5 {[%clk 0:15:19]} 2. c4 {[%clk 0:15:28]} c6
{[%clk 0:15:26]} 3. cxd5 {[%clk 0:15:36]} cxd5 {[%clk 0:15:26]} 4. Bg5
{[%clk 0:15:45]} Nc6 {[%clk 0:14:22]} 5. Nc3 {[%clk 0:15:53]} Nf6
{[%clk 0:13:59]} 6. Bxf6 {[%clk 0:16:02]} gxf6 {[%clk 0:14:08]} 7. e3
{[%clk 0:16:09]} e6 {[%clk 0:13:34]} 8. Bd3 {[%clk 0:16:17]} Qb6 {[%clk 0:13:39]}
9. Qd2 {[%clk 0:15:51]} Bd7 {[%clk 0:13:28]} 10. Nge2 {[%clk 0:15:57]} Na5
{[%clk 0:13:09]} 11. O-O {[%clk 0:14:44]} f5 {[%clk 0:12:58]} 12. Nf4
{[%clk 0:14:09]} Rc8 {[%clk 0:12:25]} 13. Rfc1 {[%clk 0:11:50]} Bd6
{[%clk 0:11:48]} 14. Nh5 {[%clk 0:11:46]} Be7 {[%clk 0:09:35]} 15. b3
{[%clk 0:11:26]} Qd8 {[%clk 0:08:14]} 16. Na4 {[%clk 0:10:07]} Rxc1+
{[%clk 0:06:42]} 17. Rxc1 {[%clk 0:10:15]} b6 {[%clk 0:06:39]} 18. Nc3
{[%clk 0:09:58]} Ba3 {[%clk 0:05:31]} 19. Rc2 {[%clk 0:09:35]} Qg5
{[%clk 0:04:50]} 20. Nf4 {[%clk 0:09:42]} Bd6 {[%clk 0:04:43]} 21. Nb5
{[%clk 0:09:35]} Bxb5 {[%clk 0:03:41]} 22. Bxb5+ {[%clk 0:09:43]} Ke7
{[%clk 0:03:33]} 23. b4 {[%clk 0:09:49]} Nb7 {[%clk 0:03:33]} 24. Ba6
{[%clk 0:09:16]} Rb8 {[%clk 0:03:36]} 25. a3 {[%clk 0:09:15]} Kf8
{[%clk 0:03:23]} 26. Qc1 {[%clk 0:07:58]} Nd8 {[%clk 0:02:30]} 27. Nd3
{[%clk 0:06:53]} Qe7 {[%clk 0:02:34]} 28. g3 {[%clk 0:06:24]} f6 {[%clk 0:02:35]}
29. Nf4 {[%clk 0:06:24]} Kg7 {[%clk 0:01:51]} 30. Kg2 {[%clk 0:05:34]} Kf8
{[%clk 0:02:01]} 31. h4 {[%clk 0:05:41]} Kg7 {[%clk 0:02:09]} 32. h5
{[%clk 0:05:33]} Nf7 {[%clk 0:01:57]} 33. Rc6 {[%clk 0:04:45]} Rd8
{[%clk 0:01:52]} 34. Nd3 {[%clk 0:04:10]} Ng5 {[%clk 0:01:27]} 35. Rc8
{[%clk 0:03:47]} Rxc8 {[%clk 0:01:07]} 36. Bxc8 {[%clk 0:03:55]} Nf7
{[%clk 0:01:07]} 37. Qc6 {[%clk 0:03:36]} 1/2-1/2

[Event "Rapid 2018"]
[Site "Saint-Petersburg"]
[Date "2018.12.28"]
[Round "15"]
[Board "69"]
[White "Popov Valerij (RUS)"]
[Black "Yeritsyan Aram (RUS)"]
[Result "1-0"]
[LiveChessVersion "1.4.8"]
[BlackElo "2209"]
[WhiteElo "2531"]

1. c4 {[%clk 0:15:18]} Nf6 {[%clk 0:15:19]} 2. Nf3 {[%clk 0:15:21]} e6
{[%clk 0:15:27]} 3. Nc3 {[%clk 0:15:25]} Bb4 {[%clk 0:15:12]} 4. g4
{[%clk 0:15:33]} Nxg4 {[%clk 0:13:44]} 5. Rg1 {[%clk 0:15:41]} Nh6
{[%clk 0:12:53]} 6. Rxg7 {[%clk 0:15:49]} Nf5 {[%clk 0:13:02]} 7. Rg1
{[%clk 0:15:43]} b6 {[%clk 0:11:42]} 8. e4 {[%clk 0:14:57]} Nh4 {[%clk 0:11:50]}
9. a3 {[%clk 0:13:48]} Be7 {[%clk 0:11:46]} 10. Nxh4 {[%clk 0:13:00]} Bxh4
{[%clk 0:11:55]} 11. d4 {[%clk 0:13:06]} Bb7 {[%clk 0:11:25]} 12. Be3
{[%clk 0:12:58]} d6 {[%clk 0:10:38]} 13. Qh5 {[%clk 0:12:10]} Nd7
{[%clk 0:08:44]} 14. e5 {[%clk 0:11:28]} Nf8 {[%clk 0:05:45]} 15. O-O-O
{[%clk 0:10:52]} Qe7 {[%clk 0:05:14]} 16. c5 {[%clk 0:09:53]} d5 {[%clk 0:04:34]}
17. Nb5 {[%clk 0:07:27]} Ng6 {[%clk 0:04:02]} 18. f4 {[%clk 0:06:42]} a6
{[%clk 0:03:46]} 19. Nc3 {[%clk 0:06:45]} O-O-O 20. b4 {[%clk 0:06:43]} b5
{[%clk 0:03:32]} 21. f5 {[%clk 0:06:07]} exf5 {[%clk 0:03:41]} 22. Bh3
{[%clk 0:06:05]} Kb8 {[%clk 0:03:50]} 23. Bxf5 {[%clk 0:06:13]} Bc8
{[%clk 0:03:38]} 24. Bxc8 {[%clk 0:05:42]} Kxc8 {[%clk 0:03:47]} 25. Bg5
{[%clk 0:05:38]} Bxg5+ {[%clk 0:03:54]} 26. Qxg5 {[%clk 0:05:47]} Qxg5+
{[%clk 0:03:36]} 27. Rxg5 {[%clk 0:05:56]} f6 {[%clk 0:03:18]} 28. exf6
{[%clk 0:06:03]} c6 {[%clk 0:03:28]} 29. Rf1 {[%clk 0:05:43]} Rhf8
{[%clk 0:03:36]} 30. Ne2 {[%clk 0:05:36]} Rde8 {[%clk 0:03:02]} 31. Ng3
{[%clk 0:05:40]} Re6 {[%clk 0:03:07]} 32. f7 {[%clk 0:05:36]} Kc7
{[%clk 0:02:49]} 33. Rh5 {[%clk 0:05:44]} Rh8 {[%clk 0:02:16]} 34. Kd2
{[%clk 0:05:30]} Kd7 {[%clk 0:02:24]} 35. a4 {[%clk 0:05:24]} Ke7
{[%clk 0:01:49]} 36. Nf5+ {[%clk 0:04:38]} Kxf7 {[%clk 0:01:58]} 37. Nd6+
{[%clk 0:04:46]} Kg8 {[%clk 0:01:58]} 38. Rhf5 {[%clk 0:03:31]} Kg7
{[%clk 0:01:17]} 39. Rf7+ {[%clk 0:03:38]} Kh6 {[%clk 0:01:27]} 40. Ra7
{[%clk 0:03:46]} Rg8 {[%clk 0:01:18]} 41. Rxa6 {[%clk 0:03:44]} bxa4
{[%clk 0:01:21]} 42. Rxc6 {[%clk 0:03:48]} Kh5 {[%clk 0:01:12]} 43. Rf5+
{[%clk 0:03:15]} Kg4 {[%clk 0:01:22]} 44. Rf2 {[%clk 0:02:51]} Ra8
{[%clk 0:00:43]} 45. b5 {[%clk 0:02:59]} a3 {[%clk 0:00:40]} 46. Ra6
{[%clk 0:03:07]} Rxa6 {[%clk 0:00:46]} 47. bxa6 {[%clk 0:03:16]} Re7
{[%clk 0:00:32]} 48. Nb5 {[%clk 0:03:09]} a2 {[%clk 0:00:36]} 49. Rf1
{[%clk 0:03:18]} Nh4 {[%clk 0:00:18]} 50. a7 {[%clk 0:03:17]} Nf3+
{[%clk 0:00:25]} 51. Kc3 {[%clk 0:03:22]} Re3+ {[%clk 0:00:26]} 52. Kc2
{[%clk 0:01:06]} Re2+ {[%clk 0:00:33]} 53. Kd3 {[%clk 0:01:16]} Ne1+
{[%clk 0:00:30]} 54. Rxe1 {[%clk 0:00:48]} Rxe1 {[%clk 0:00:37]} 55. a8=Q
{[%clk 0:00:57]} a1=Q {[%clk 0:00:42]} 56. Qg8+ {[%clk 0:00:53]} Kf4
{[%clk 0:00:25]} 57. Qf7+ {[%clk 0:00:50]} Kg4 {[%clk 0:00:27]} 58. Qg7+
{[%clk 0:01:00]} Kf4 {[%clk 0:00:31]} 59. Qf6+ {[%clk 0:00:40]} Kg4
{[%clk 0:00:39]} 60. Nc3 {[%clk 0:00:28]} Re3+ {[%clk 0:00:14]} 61. Kxe3
{[%clk 0:00:28]} Qxc3+ {[%clk 0:00:23]} 62. Kf2 {[%clk 0:00:37]} Qd2+
{[%clk 0:00:27]} 63. Kf1 {[%clk 0:00:41]} Qd3+ {[%clk 0:00:16]} 64. Kg2
{[%clk 0:00:35]} Qe4+ {[%clk 0:00:25]} 65. Kg1 {[%clk 0:00:44]} Kh3
{[%clk 0:00:13]} 66. Qf1+ {[%clk 0:00:43]} Kh4 {[%clk 0:00:21]} 67. Qf6+
{[%clk 0:00:50]} Kh3 {[%clk 0:00:14]} 68. Qh6+ {[%clk 0:00:48]} Kg4
{[%clk 0:00:21]} 69. Qg7+ {[%clk 0:00:57]} Kh3 {[%clk 0:00:31]} 70. Qg3#
{[%clk 0:01:05]} Kh4 1-0

[Event "Rapid 2018"]
[Site "Saint-Petersburg"]
[Date "2018.12.28"]
[Round "15"]
[Board "70"]
[White "Kevlishvili Robby (NED)"]
[Black "Geller Jakov (RUS)"]
[Result "1-0"]
[LiveChessVersion "1.4.8"]
[BlackElo "2530"]
[WhiteElo "2451"]

1. e4 {[%clk 0:15:17]} c5 {[%clk 0:15:18]} 2. Nf3 {[%clk 0:15:24]} e6
{[%clk 0:15:26]} 3. d4 {[%clk 0:15:31]} cxd4 {[%clk 0:15:34]} 4. Nxd4
{[%clk 0:15:38]} Nc6 {[%clk 0:15:40]} 5. Nc3 {[%clk 0:15:45]} Qc7
{[%clk 0:15:48]} 6. Be3 {[%clk 0:14:56]} a6 {[%clk 0:15:55]} 7. Be2
{[%clk 0:15:02]} Nf6 {[%clk 0:16:02]} 8. a3 {[%clk 0:15:10]} d6 {[%clk 0:14:28]}
9. f4 {[%clk 0:15:11]} Be7 {[%clk 0:14:30]} 10. g4 {[%clk 0:15:16]} h6
{[%clk 0:13:14]} 11. h4 {[%clk 0:14:32]} d5 {[%clk 0:09:19]} 12. e5
{[%clk 0:14:04]} Ne4 {[%clk 0:09:27]} 13. Nxe4 {[%clk 0:14:12]} dxe4
{[%clk 0:09:35]} 14. Qd2 {[%clk 0:14:14]} Bd7 {[%clk 0:08:45]} 15. O-O-O
{[%clk 0:14:11]} Nxd4 {[%clk 0:07:43]} 16. Bxd4 {[%clk 0:13:45]} Rc8
{[%clk 0:06:55]} 17. Kb1 {[%clk 0:13:45]} Ba4 {[%clk 0:06:27]} 18. Rc1
{[%clk 0:13:44]} Bc6 {[%clk 0:06:36]} 19. Qe3 {[%clk 0:13:48]} b5
{[%clk 0:06:40]} 20. f5 {[%clk 0:13:47]} Bd5 {[%clk 0:06:34]} 21. f6
{[%clk 0:13:47]} gxf6 {[%clk 0:06:36]} 22. exf6 {[%clk 0:13:43]} Bc5
{[%clk 0:05:59]} 23. c3 {[%clk 0:13:18]} e5 {[%clk 0:04:53]} 24. Bxc5
{[%clk 0:13:15]} Qxc5 {[%clk 0:05:02]} 25. Qxc5 {[%clk 0:11:24]} Rxc5
{[%clk 0:05:10]} 26. Rhd1 {[%clk 0:11:33]} e3 {[%clk 0:05:13]} 27. b4
{[%clk 0:11:12]} Be4+ {[%clk 0:05:15]} 28. Kb2 {[%clk 0:11:21]} Rc6
{[%clk 0:04:22]} 29. c4 {[%clk 0:11:30]} Rxf6 {[%clk 0:04:06]} 30. Rc3
{[%clk 0:11:25]} bxc4 {[%clk 0:02:15]} 31. Rxe3 {[%clk 0:10:10]} Rf4
{[%clk 0:02:24]} 32. Rf1 {[%clk 0:10:12]} Rxf1 {[%clk 0:01:41]} 33. Bxf1
{[%clk 0:10:21]} Bd3 {[%clk 0:01:50]} 34. Bxd3 {[%clk 0:10:23]} cxd3
{[%clk 0:01:59]} 35. Rxe5+ {[%clk 0:10:32]} Kd7 {[%clk 0:01:54]} 36. Kc3
{[%clk 0:10:35]} Rg8 {[%clk 0:01:44]} 37. g5 {[%clk 0:10:27]} hxg5
{[%clk 0:01:26]} 38. Rxg5 {[%clk 0:10:36]} Rc8+ {[%clk 0:00:20]} 39. Kxd3
{[%clk 0:10:44]} Ke6 {[%clk 0:00:25]} 40. Rc5 {[%clk 0:10:39]} Rg8
{[%clk 0:00:19]} 41. Rc6+ {[%clk 0:10:36]} Ke5 {[%clk 0:00:28]} 42. Rxa6
{[%clk 0:10:43]} Rg3+ {[%clk 0:00:34]} 43. Ke2 {[%clk 0:10:41]} f5
{[%clk 0:00:42]} 44. h5 {[%clk 0:10:47]} Ke4 {[%clk 0:00:22]} 45. h6
{[%clk 0:10:37]} Rg2+ {[%clk 0:00:30]} 46. Kf1 {[%clk 0:10:46]} Rh2
{[%clk 0:00:39]} 47. Kg1 {[%clk 0:10:51]} Rh4 {[%clk 0:00:45]} 48. b5
{[%clk 0:10:54]} f4 {[%clk 0:00:53]} 49. b6 {[%clk 0:10:22]} Kf3 {[%clk 0:00:54]}
50. b7 {[%clk 0:10:09]} Rg4+ {[%clk 0:01:03]} 51. Kf1 {[%clk 0:10:18]} Rh4
{[%clk 0:01:12]} 52. Rg6 {[%clk 0:10:22]} 1-0

[Event "Rapid 2018"]
[Site "Saint-Petersburg"]
[Date "2018.12.28"]
[Round "15"]
[Board "71"]
[White "Zhigalko Andrey (BLR)"]
[Black "Makoveev Ilya (RUS)"]
[Result "0-1"]
[LiveChessVersion "1.4.8"]
[BlackElo "2173"]
[WhiteElo "2523"]

1. e4 {[%clk 0:15:18]} c5 {[%clk 0:15:19]} 2. Nf3 {[%clk 0:15:26]} d6
{[%clk 0:15:28]} 3. d4 {[%clk 0:15:32]} cxd4 {[%clk 0:15:36]} 4. Qxd4
{[%clk 0:15:39]} Nf6 {[%clk 0:15:40]} 5. Bg5 {[%clk 0:15:37]} Nc6
{[%clk 0:14:41]} 6. Bb5 {[%clk 0:15:44]} Nd7 {[%clk 0:14:28]} 7. Qc3
{[%clk 0:14:23]} Qb6 {[%clk 0:12:47]} 8. Be2 {[%clk 0:12:53]} Nc5
{[%clk 0:10:51]} 9. Nbd2 {[%clk 0:12:18]} Qb4 {[%clk 0:07:55]} 10. Qxb4
{[%clk 0:10:16]} Nxb4 {[%clk 0:08:03]} 11. O-O {[%clk 0:09:16]} Ne6
{[%clk 0:05:21]} 12. c3 {[%clk 0:07:42]} Nxg5 {[%clk 0:05:25]} 13. cxb4
{[%clk 0:07:23]} Nxf3+ {[%clk 0:04:17]} 14. Nxf3 {[%clk 0:07:31]} e6
{[%clk 0:01:39]} 15. Rac1 {[%clk 0:07:09]} Be7 {[%clk 0:01:40]} 16. Rc7
{[%clk 0:05:55]} Bd8 {[%clk 0:01:40]} 17. Bb5+ {[%clk 0:05:21]} Kf8
{[%clk 0:01:49]} 18. Rc2 {[%clk 0:04:38]} a6 {[%clk 0:01:56]} 19. Rfc1
{[%clk 0:04:22]} Ke7 {[%clk 0:01:22]} 20. Rxc8 {[%clk 0:04:00]} Rxc8
{[%clk 0:01:30]} 21. Rxc8 {[%clk 0:04:09]} axb5 {[%clk 0:01:39]} 22. Rb8
{[%clk 0:03:21]} Kd7 {[%clk 0:01:04]} 23. Rxb7+ {[%clk 0:02:48]} Kc6
{[%clk 0:01:13]} 24. Rb8 {[%clk 0:02:10]} e5 {[%clk 0:00:32]} 25. Kf1
{[%clk 0:01:37]} Rf8 {[%clk 0:00:29]} 26. Ke2 {[%clk 0:00:54]} Be7
{[%clk 0:00:39]} 27. Rxf8 {[%clk 0:01:01]} Bxf8 {[%clk 0:00:46]} 28. Kd3
{[%clk 0:00:26]} f6 {[%clk 0:00:51]} 29. a3 {[%clk 0:00:31]} g6 {[%clk 0:00:42]}
30. g4 {[%clk 0:00:29]} d5 {[%clk 0:00:28]} 31. g5 {[%clk 0:00:25]} f5
{[%clk 0:00:32]} 32. Nxe5+ {[%clk 0:00:31]} Kd6 {[%clk 0:00:41]} 33. Nf7+
{[%clk 0:00:23]} Ke7 {[%clk 0:00:32]} 34. Ne5 {[%clk 0:00:23]} Kd6
{[%clk 0:00:41]} 35. f4 {[%clk 0:00:14]} fxe4+ {[%clk 0:00:12]} 36. Kd4
{[%clk 0:00:17]} Bg7 {[%clk 0:00:12]} 37. b3 {[%clk 0:00:19]} Ke6
{[%clk 0:00:11]} 38. a4 {[%clk 0:00:16]} bxa4 {[%clk 0:00:17]} 39. bxa4
{[%clk 0:00:25]} Kf5 {[%clk 0:00:25]} 40. Kxd5 {[%clk 0:00:22]} Bxe5
{[%clk 0:00:30]} 41. fxe5 {[%clk 0:00:16]} e3 {[%clk 0:00:40]} 42. a5
{[%clk 0:00:13]} e2 {[%clk 0:00:48]} 43. a6 {[%clk 0:00:21]} e1=Q
{[%clk 0:00:56]} 44. b5 {[%clk 0:00:26]} Qxe5+ {[%clk 0:00:59]} 45. Kc6
{[%clk 0:00:35]} Qb8 {[%clk 0:00:57]} 46. b6 {[%clk 0:00:34]} Qa8+
{[%clk 0:01:04]} 47. Kb5 {[%clk 0:00:38]} Kxg5 {[%clk 0:01:05]} 48. b7
{[%clk 0:00:47]} Qa7 {[%clk 0:01:13]} 0-1

[Event "Rapid 2018"]
[Site "Saint-Petersburg"]
[Date "2018.12.28"]
[Round "15"]
[Board "72"]
[White "Novikov Stanislav (RUS)"]
[Black "Kabanov Nikolai (RUS)"]
[Result "1-0"]
[LiveChessVersion "1.4.8"]
[BlackElo "2403"]
[WhiteElo "2605"]

1. e4 {[%clk 0:15:19]} e5 {[%clk 0:15:18]} 2. Nf3 {[%clk 0:15:27]} d6
{[%clk 0:15:26]} 3. Bc4 {[%clk 0:15:16]} Nf6 {[%clk 0:15:19]} 4. d3
{[%clk 0:13:10]} Be7 {[%clk 0:14:53]} 5. Nc3 {[%clk 0:12:44]} c6 {[%clk 0:14:52]}
6. Bb3 {[%clk 0:12:47]} a5 {[%clk 0:14:40]} 7. a3 {[%clk 0:12:46]} Na6
{[%clk 0:14:42]} 8. Ne2 {[%clk 0:12:42]} Nc5 {[%clk 0:14:14]} 9. Ba2
{[%clk 0:12:51]} O-O {[%clk 0:12:53]} 10. O-O {[%clk 0:12:51]} Nh5
{[%clk 0:11:25]} 11. Be3 {[%clk 0:12:34]} Qc7 {[%clk 0:10:52]} 12. Nc3
{[%clk 0:11:02]} Nf6 {[%clk 0:10:36]} 13. h3 {[%clk 0:10:21]} b5 {[%clk 0:09:54]}
14. Ne2 {[%clk 0:10:03]} Ne6 {[%clk 0:09:15]} 15. Ng3 {[%clk 0:10:07]} d5
{[%clk 0:09:01]} 16. Re1 {[%clk 0:07:47]} dxe4 {[%clk 0:09:07]} 17. dxe4
{[%clk 0:07:54]} Rd8 {[%clk 0:09:15]} 18. Qe2 {[%clk 0:07:56]} h6
{[%clk 0:05:56]} 19. Rad1 {[%clk 0:07:52]} Ba6 {[%clk 0:05:27]} 20. Nh4
{[%clk 0:06:22]} b4 {[%clk 0:04:16]} 21. Qf3 {[%clk 0:06:21]} bxa3
{[%clk 0:03:06]} 22. bxa3 {[%clk 0:06:28]} Rxd1 {[%clk 0:02:18]} 23. Rxd1
{[%clk 0:06:36]} Rd8 {[%clk 0:02:26]} 24. Rb1 {[%clk 0:05:54]} Nd4
{[%clk 0:02:30]} 25. Bxd4 {[%clk 0:05:54]} exd4 {[%clk 0:02:38]} 26. Nhf5
{[%clk 0:05:49]} d3 {[%clk 0:01:41]} 27. cxd3 {[%clk 0:05:45]} Bxd3
{[%clk 0:01:16]} 28. Rd1 {[%clk 0:05:30]} Bc2 {[%clk 0:01:17]} 29. Nxe7+
{[%clk 0:04:53]} Qxe7 {[%clk 0:01:25]} 30. Rxd8+ {[%clk 0:05:01]} Qxd8
{[%clk 0:01:34]} 31. e5 {[%clk 0:05:09]} Nd5 {[%clk 0:01:34]} 32. Ne2
{[%clk 0:05:07]} Bd1 {[%clk 0:01:36]} 33. Bb3 {[%clk 0:04:44]} Bxe2
{[%clk 0:01:15]} 34. Qxe2 {[%clk 0:04:53]} Qg5 {[%clk 0:01:09]} 35. e6
{[%clk 0:04:20]} Qc1+ {[%clk 0:00:53]} 36. Kh2 {[%clk 0:04:29]} fxe6
{[%clk 0:00:58]} 37. Qxe6+ {[%clk 0:04:37]} Kh8 {[%clk 0:01:07]} 38. Qc8+
{[%clk 0:04:19]} Kh7 {[%clk 0:01:15]} 39. Bxd5 {[%clk 0:04:26]} 1-0

[Event "Rapid 2018"]
[Site "Saint-Petersburg"]
[Date "2018.12.28"]
[Round "15"]
[Board "73"]
[White "Khismatullin Denis (RUS)"]
[Black "Sanikidze Tornike (GEO)"]
[Result "0-1"]
[LiveChessVersion "1.4.8"]
[BlackElo "2483"]
[WhiteElo "2632"]

1. c4 {[%clk 0:15:18]} e6 {[%clk 0:15:19]} 2. Nf3 {[%clk 0:15:25]} Nf6
{[%clk 0:15:27]} 3. Nc3 {[%clk 0:15:33]} d5 {[%clk 0:15:36]} 4. e3
{[%clk 0:15:41]} a6 {[%clk 0:15:15]} 5. b3 {[%clk 0:15:46]} Be7 {[%clk 0:15:04]}
6. Bb2 {[%clk 0:15:42]} O-O {[%clk 0:15:11]} 7. Rc1 {[%clk 0:14:55]} Ne4
{[%clk 0:14:45]} 8. h4 {[%clk 0:14:10]} Bf6 {[%clk 0:14:33]} 9. d4
{[%clk 0:13:54]} Nxc3 {[%clk 0:14:15]} 10. Bxc3 {[%clk 0:14:01]} Nd7
{[%clk 0:12:22]} 11. Qc2 {[%clk 0:13:24]} Re8 {[%clk 0:12:11]} 12. Bd3
{[%clk 0:09:34]} Nf8 {[%clk 0:12:14]} 13. Ng5 {[%clk 0:07:32]} g6
{[%clk 0:12:22]} 14. Nf3 {[%clk 0:07:40]} b6 {[%clk 0:11:05]} 15. h5
{[%clk 0:07:47]} Bb7 {[%clk 0:11:03]} 16. hxg6 {[%clk 0:07:52]} hxg6
{[%clk 0:11:05]} 17. e4 {[%clk 0:07:16]} c5 {[%clk 0:10:30]} 18. dxc5
{[%clk 0:03:35]} d4 {[%clk 0:09:52]} 19. Bb4 {[%clk 0:03:18]} Qe7
{[%clk 0:09:52]} 20. e5 {[%clk 0:03:01]} Bg7 {[%clk 0:09:52]} 21. Be4
{[%clk 0:03:10]} Bxe4 {[%clk 0:08:06]} 22. Qxe4 {[%clk 0:03:18]} Nd7
{[%clk 0:08:06]} 23. Ke2 {[%clk 0:02:01]} Nxc5 {[%clk 0:07:30]} 24. Qxd4
{[%clk 0:02:08]} Nxb3 {[%clk 0:07:23]} 25. axb3 {[%clk 0:01:41]} Qxb4
{[%clk 0:07:31]} 26. Qe3 {[%clk 0:01:33]} a5 {[%clk 0:07:02]} 27. Rh4
{[%clk 0:00:51]} a4 {[%clk 0:06:59]} 28. bxa4 {[%clk 0:00:43]} Rxa4
{[%clk 0:07:07]} 29. Kf1 {[%clk 0:00:46]} Qb2 {[%clk 0:06:54]} 30. Kg1
{[%clk 0:00:39]} Rea8 {[%clk 0:05:45]} 31. Rd4 {[%clk 0:00:30]} Ra3
{[%clk 0:05:46]} 32. Qd2 {[%clk 0:00:17]} Qxd2 {[%clk 0:05:43]} 33. Nxd2
{[%clk 0:00:25]} Bxe5 {[%clk 0:05:50]} 34. Rd7 {[%clk 0:00:33]} Ra1
{[%clk 0:05:45]} 35. Rf1 {[%clk 0:00:41]} R8a2 {[%clk 0:05:12]} 36. Nf3
{[%clk 0:00:41]} Bf6 {[%clk 0:04:35]} 37. Rb7 {[%clk 0:00:28]} Rxf1+
{[%clk 0:04:40]} 38. Kxf1 {[%clk 0:00:36]} Rb2 {[%clk 0:04:49]} 39. g4
{[%clk 0:00:40]} g5 {[%clk 0:04:57]} 40. Rc7 {[%clk 0:00:41]} Rc2
{[%clk 0:03:18]} 41. Rc6 {[%clk 0:00:45]} Be7 {[%clk 0:03:27]} 42. Rxb6
{[%clk 0:00:17]} Bc5 {[%clk 0:03:35]} 43. Rb8+ {[%clk 0:00:19]} Kg7
{[%clk 0:03:44]} 44. Nxg5 {[%clk 0:00:26]} Rxf2+ {[%clk 0:03:48]} 45. Ke1
{[%clk 0:00:34]} Rf4 {[%clk 0:03:45]} 46. Rb5 {[%clk 0:00:18]} Be7
{[%clk 0:02:13]} 47. Nh3 {[%clk 0:00:16]} Rxg4 {[%clk 0:01:36]} 48. c5
{[%clk 0:00:15]} Re4+ {[%clk 0:01:41]} 49. Kd2 {[%clk 0:00:12]} Re5
{[%clk 0:01:47]} 0-1

[Event "Rapid 2018"]
[Site "Saint-Petersburg"]
[Date "2018.12.28"]
[Round "15"]
[Board "74"]
[White "Kovalev Vladislav (BLR)"]
[Black "Lobanov Sergei (RUS)"]
[Result "1/2-1/2"]
[LiveChessVersion "1.4.8"]
[BlackElo "2398"]
[WhiteElo "2624"]

1. e4 {[%clk 0:15:19]} c6 {[%clk 0:14:06]} 2. Nc3 {[%clk 0:15:19]} d5
{[%clk 0:14:15]} 3. Nf3 {[%clk 0:15:28]} Bg4 {[%clk 0:14:23]} 4. h3
{[%clk 0:15:37]} Bxf3 {[%clk 0:14:31]} 5. Qxf3 {[%clk 0:15:46]} e6
{[%clk 0:14:40]} 6. Be2 {[%clk 0:15:55]} Nd7 {[%clk 0:14:49]} 7. O-O
{[%clk 0:15:53]} g6 {[%clk 0:14:56]} 8. d4 {[%clk 0:15:54]} Bg7 {[%clk 0:14:46]}
9. Rd1 {[%clk 0:15:58]} Ne7 {[%clk 0:13:59]} 10. Bf1 {[%clk 0:15:46]} O-O
{[%clk 0:14:00]} 11. Ne2 {[%clk 0:15:50]} Qb6 {[%clk 0:12:14]} 12. c3
{[%clk 0:15:51]} c5 {[%clk 0:07:55]} 13. exd5 {[%clk 0:15:30]} Nxd5
{[%clk 0:07:33]} 14. g3 {[%clk 0:15:02]} cxd4 {[%clk 0:06:38]} 15. Nxd4
{[%clk 0:15:09]} Rac8 {[%clk 0:06:47]} 16. Bg2 {[%clk 0:12:20]} Ne5
{[%clk 0:06:20]} 17. Qe2 {[%clk 0:12:22]} Nc4 {[%clk 0:06:26]} 18. h4
{[%clk 0:11:16]} Rfd8 {[%clk 0:04:50]} 19. h5 {[%clk 0:11:10]} Rd7
{[%clk 0:04:35]} 20. hxg6 {[%clk 0:09:59]} hxg6 {[%clk 0:04:43]} 21. Nf3
{[%clk 0:08:18]} Bf6 {[%clk 0:02:52]} 22. Re1 {[%clk 0:08:04]} Kg7
{[%clk 0:01:43]} 23. Qc2 {[%clk 0:07:25]} Qc7 {[%clk 0:01:30]} 24. Qe4
{[%clk 0:05:31]} b5 {[%clk 0:01:27]} 25. a3 {[%clk 0:04:35]} a5 {[%clk 0:01:31]}
26. Bf1 {[%clk 0:03:18]} Qb6 {[%clk 0:01:14]} 27. Nd4 {[%clk 0:03:12]} Nd6
{[%clk 0:00:29]} 28. Qf3 {[%clk 0:02:41]} Bxd4 {[%clk 0:00:16]} 29. cxd4
{[%clk 0:02:49]} Qxd4 {[%clk 0:00:16]} 30. Rb1 {[%clk 0:02:05]} Qf6
{[%clk 0:00:19]} 31. Qe2 {[%clk 0:01:38]} Qf5 {[%clk 0:00:26]} 32. b3
{[%clk 0:01:05]} Kg8 {[%clk 0:00:18]} 33. Rb2 {[%clk 0:00:25]} b4
{[%clk 0:00:15]} 34. axb4 {[%clk 0:00:34]} axb4 {[%clk 0:00:24]} 35. Rd2
{[%clk 0:00:35]} Nc3 {[%clk 0:00:15]} 36. Qe3 {[%clk 0:00:39]} Rcd8
{[%clk 0:00:19]} 37. Rd4 {[%clk 0:00:39]} Nd5 {[%clk 0:00:14]} 38. Qh6
{[%clk 0:00:38]} Qf6 {[%clk 0:00:18]} 39. Rh4 {[%clk 0:00:18]} Nf5
{[%clk 0:00:23]} 40. Qh7+ {[%clk 0:00:27]} Kf8 {[%clk 0:00:32]} 41. Rg4
{[%clk 0:00:19]} Qg7 {[%clk 0:00:29]} 42. Qh1 {[%clk 0:00:26]} Kg8
{[%clk 0:00:21]} 43. Bg5 {[%clk 0:00:24]} Rc8 {[%clk 0:00:28]} 44. Bc4
{[%clk 0:00:33]} Nf6 {[%clk 0:00:27]} 45. Rf4 {[%clk 0:00:12]} Nh5
{[%clk 0:00:33]} 46. Rfe4 {[%clk 0:00:13]} Nhxg3 {[%clk 0:00:26]} 47. fxg3
{[%clk 0:00:21]} Nxg3 {[%clk 0:00:35]} 48. Qf3 {[%clk 0:00:20]} Nxe4
{[%clk 0:00:43]} 49. Rxe4 {[%clk 0:00:29]} Qc3 {[%clk 0:00:15]} 50. Re3
{[%clk 0:00:20]} Qa1+ {[%clk 0:00:20]} 51. Kg2 {[%clk 0:00:15]} Rd2+
{[%clk 0:00:19]} 52. Re2 {[%clk 0:00:12]} Rxe2+ {[%clk 0:00:27]} 53. Bxe2
{[%clk 0:00:12]} Qe5 {[%clk 0:00:24]} 54. Bf6 {[%clk 0:00:11]} Qd5
{[%clk 0:00:29]} 55. Bc4 {[%clk 0:00:11]} Qxf3+ 56. Kxf3 {[%clk 0:00:21]} Kf8
{[%clk 0:00:31]} 57. Ke4 {[%clk 0:00:26]} Rb8 {[%clk 0:00:27]} 58. Kd4
{[%clk 0:00:26]} Ke8 {[%clk 0:00:24]} 59. Kc5 {[%clk 0:00:34]} Ra8
{[%clk 0:00:15]} 60. Kxb4 {[%clk 0:00:37]} Kd7 {[%clk 0:00:16]} 61. Kc5
{[%clk 0:00:45]} Rc8+ {[%clk 0:00:19]} 62. Kd4 {[%clk 0:00:48]} Kc6
{[%clk 0:00:18]} 63. b4 {[%clk 0:00:57]} Rb8 {[%clk 0:00:24]} 64. Be7
{[%clk 0:00:55]} Rb7 {[%clk 0:00:30]} 65. Bc5 {[%clk 0:00:53]} g5
{[%clk 0:00:24]} 66. Ke5 {[%clk 0:00:48]} Rd7 {[%clk 0:00:24]} 67. Be3
{[%clk 0:00:53]} Rb7 {[%clk 0:00:20]} 68. Bd2 {[%clk 0:00:46]} g4
{[%clk 0:00:30]} 69. Kf4 {[%clk 0:00:45]} Rd7 {[%clk 0:00:36]} 70. Be3
{[%clk 0:00:44]} Rb7 {[%clk 0:00:21]} 71. Bc5 {[%clk 0:00:53]} f5
{[%clk 0:00:25]} 72. Bxe6 {[%clk 0:00:51]} Rb5 {[%clk 0:00:30]} 73. Bf8
{[%clk 0:00:37]} Rb8 {[%clk 0:00:39]} 74. Bc5 {[%clk 0:00:30]} Rb5
{[%clk 0:00:47]} 1/2-1/2